000 00438nam a22001697a 4500
003 NUST - PNEC
005 20170116180827.0
008 150728b xxu||||| |||| 00| 0 eng d
020 _a0333620224
040 _cLIBRARY
082 _a510.2462 STR
100 _94460
_aStroud, K.A.
245 _aEngineering mathematics : programmes and problems
_cK.A. Stroud
250 _a4th ed
650 _94461
_aMathematics
_xME
942 _2ddc
_cBK
999 _c63938
_d63938